000 00632cam a2200145 4500500
005 20251012021700.0
041 _afre
042 _adc
100 1 0 _aRivet de Sabatier, Philippe
_eauthor
245 0 0 _aRomain Simenel Mémoriser le Coran, vivre l’islam L’apprentissage coranique au Maroc et dans le monde musulman. Préface d’Ali Benmakhlouf. Presses universitaires de France, 2025, 288 pages, 21 €.
260 _c2025.
500 _a40
786 0 _nÉtudes | Juillet-Août | 7-8 | 2025-07-01 | p. 141-141 | 0014-1941
856 4 1 _uhttps://shs.cairn.info/revue-etudes-2025-7-page-141?lang=fr&redirect-ssocas=7080
999 _c1539127
_d1539127